| 000 | 01627nam0a2200385 4500 | ||
|---|---|---|---|
| 001 | RU\NLR\bibl\126321 | ||
| 005 | 20260408192054.0 | ||
| 010 |
_a5-02-031604-0 _93000 |
||
| 021 |
_aRU _b2000-38177 _91759 |
||
| 035 | _a(NLR Aleph) 000123740 | ||
| 090 |
_a705279 _c705279 |
||
| 100 | _a20001204d2000 u y0rusy50 ca | ||
| 101 | 1 |
_arus _cger |
|
| 102 | _aRU | ||
| 105 | _ay ||||||||| | ||
| 200 | 1 |
_aКак преодолеть страх перед экзаменами _eПсихол. стратегии оптим. подгот. и сдачи экзаменов _fДорис Вольф, Рольф Меркле _gПер. с нем. и науч. ред. проф. Г.В. Залевского; Рос. акад. образования, Ин-т образования Сибири, Дал. Востока и Севера. Отд. психол. проблем образования |
|
| 210 |
_aНовосибирск _cНаука. Сиб. предприятие РАН _d2000 |
||
| 215 |
_a77 с. _d22 |
||
| 606 |
_aСтрах (психол.) перед экзаменами _92141420 _3RU\NLR\auth\661290639 |
||
| 610 | 0 | _aСтрах | |
| 610 | 0 | _aПсихологический тренинг | |
| 675 |
_a159.9:371.27 _v3 _zrus |
||
| 686 |
_a15 _2rugasnti |
||
| 686 |
_a88.8 _2rubbk |
||
| 686 | _aЮ984.030.2-69 | ||
| 686 | _aЮ935.212 | ||
| 700 | 1 |
_aВольф _gДорис _4070 |
|
| 701 | 1 |
_aМеркле _gРольф _4070 |
|
| 801 | 0 |
_aRU _bRKP _c20001204 _gPSBO |
|
| 801 | 1 |
_aRU _bRKP _c20001204 |
|
| 801 | 2 |
_aRU _bNLR _c20010125 _grcr |
|
| 852 |
_aNLR _j2000-6/1256 |
||
| 942 | _cBOOK | ||
| 980 | _aNB | ||